Van Nostrand chemist's dictionary (Record no. 20228)

MARC details
000 -LEADER
fixed length control field 00284nam a2200109Ia 4500
082 ## - DEWEY DECIMAL CLASSIFICATION NUMBER
Classification number 54(038)
Item number HON
245 #0 - TITLE STATEMENT
Title Van Nostrand chemist's dictionary
260 ## - PUBLICATION, DISTRIBUTION, ETC. (IMPRINT)
Place of publication New York
Name of publisher Van Nostrand
Year of publication 1953
700 ## - ADDED ENTRY--PERSONAL NAME
Personal name Honing, Jurgen M
942 ## - ADDED ENTRY ELEMENTS (KOHA)
Koha item type Books
Holdings
Withdrawn status Lost status Damaged status Not for loan Home library Current library Date acquired Full call number Accession Number Koha item type
        RRII Library RRII Library 16/12/2021 54(038) HON 00956 Books